000 00501nam a2200169 i 4500
001 bgj
100 1 _aJEPPESEN, Knud
_d(1892- )
245 1 0 _aKontrapunkt :
_bLehrbuch der klssichen Vokalpolyphonie /
_cKnud Jeppesen.
260 _aLeipzig :
_bVeb Breitkopf & Härtel Leipzig Musikverlag,
_c1956.
300 _a231 S. ;
_c23 cm.
505 _aRegister.
650 9 _aKontrapunkt, Musik
_yJahrhundert 16
040 _cBPK
041 0 _ager
942 _cKS
008 s gw f |000 0 ger
999 _c50754
_d50754
856 _uhttp://koha.tu.koszalin.pl/cgi-bin/koha/opac-detail.pl?biblionumber=50754
_yKatalog online BPK